000 00334nam a2200133Ia 4500
008 240624s9999 xx 000 0 und d
041 _aeng
082 _a650.1 SCU
100 _aSCUDDER TIM
245 _aHAVE A NICE CONFLICT HOW TO FIND SUCCESS
260 _c2012
_aSan Francisco
_bJossey-Bass
300 _a240 : p.
365 _c
_b28
999 _c21281
_d21281